000 00290nam a2200121Ia 4500
005 20251222144648.0
008 251222s9999||||xx |||||||||||||| ||spa||
082 _a370.113/B13/T
100 _aMartos, Marco
245 0 _aLiteratura Peruana Contemporánea
264 _bBruño
942 _cLIB
999 _c16969
_d16969